| 000 | 00479cam a2200205 4500 | ||
|---|---|---|---|
| 001 | D13431 | ||
| 008 | 090401t1935 xxu||||| |||| 00| 0 eng d | ||
| 035 | _a(Sirsi) u9737 | ||
| 041 | _aeng | ||
| 100 | _aMiddleton, R.E. | ||
| 245 | 2 | _aA treatise on surveying, 2 vols | |
| 250 | _a5th rev | ||
| 260 |
_bE & F N Spon _c1935 |
||
| 350 | _a0 | ||
| 520 | _a1941 (vol 2); Shelf 132 | ||
| 700 | _aChadwick, O. | ||
| 700 | _aOrmsby, M.T.M. | ||
| 942 | _n0 | ||
| 948 | _c04/03/1997 | ||
| 999 |
_c86658 _d86658 |
||